Formelles Fußballstrafrecht: ein Skriptum für die verbandsgerichtliche Praxis
| 1. VerfasserIn: | |
|---|---|
| Medienart: | Druck Buch |
| Sprache: | Deutsch |
| Veröffentlicht: |
Köln
Deutsche Sporthochschule Köln, Institut für Sportrecht
[2016]
|
| In: |
Kölner Materialien zum Sportrecht (Band 4)
Jahr: 2016 |
| Online-Zugang: |
Inhaltsverzeichnis |
| Bestand in Tübingen: | In Tübingen vorhanden. IFK: F IX 122 |
| Verfügbarkeit prüfen: | HBZ Gateway |
| Subito Bestelldienst: | Jetzt bestellen. |
| Schlagwörter: |
MARC
| LEADER | 00000cam a2200000 c 4500 | ||
|---|---|---|---|
| 001 | 1621866416 | ||
| 003 | DE-627 | ||
| 005 | 20251225202352.0 | ||
| 007 | tu | ||
| 008 | 161123s2016 gw ||||| 00| ||ger c | ||
| 015 | |a 16,N46 |2 dnb | ||
| 015 | |a 16,N46 |2 dnb | ||
| 016 | 7 | |a 252047753 |2 DE-101 | |
| 020 | |a 9783945089149 |c Broschur : EUR 6.00 (DE) (freier Preis), EUR 6.20 (AT) (freier Preis) |9 978-3-945089-14-9 | ||
| 024 | 3 | |a 9783945089149 | |
| 035 | |a (DE-627)1621866416 | ||
| 035 | |a (DE-576)480045984 | ||
| 035 | |a (DE-599)DNB1118636945 | ||
| 035 | |a (OCoLC)963871765 | ||
| 040 | |a DE-627 |b ger |c DE-627 |e rda | ||
| 041 | |a ger | ||
| 044 | |c XA-DE-NW | ||
| 082 | 0 | |a 340 | |
| 082 | 0 | 4 | |a 340 |a 796 |q DE-101 |
| 082 | 0 | 4 | |a 340 |q DE-101 |
| 100 | 1 | |a Petersen, Heiko |d 1980- |e VerfasserIn |0 (DE-588)1122507941 |0 (DE-627)875709206 |0 (DE-576)481350225 |4 aut | |
| 109 | |a Petersen, Heiko 1980- | ||
| 245 | 1 | 0 | |a Formelles Fußballstrafrecht |b ein Skriptum für die verbandsgerichtliche Praxis |c von Heiko Petersen |
| 264 | 1 | |a Köln |b Deutsche Sporthochschule Köln, Institut für Sportrecht |c [2016] | |
| 264 | 4 | |c ©2016 | |
| 300 | |a 31 Seiten | ||
| 336 | |a Text |b txt |2 rdacontent | ||
| 337 | |a ohne Hilfsmittel zu benutzen |b n |2 rdamedia | ||
| 338 | |a Band |b nc |2 rdacarrier | ||
| 490 | 1 | |a Kölner Materialien zum Sportrecht |v Band 4 | |
| 830 | 0 | |a Kölner Materialien zum Sportrecht |v Band 4 |9 4 |w (DE-627)849501180 |w (DE-576)457648627 |w (DE-600)2848854-4 |x 2628-636X |7 am | |
| 856 | 4 | 2 | |u https://swbplus.bsz-bw.de/bsz480045984inh.htm |m B:DE-576;DE-Frei85 |q application/pdf |v 20170103131616 |x Verlag |3 Inhaltsverzeichnis |7 1 |
| 951 | |a BO | ||
| ELC | |b 1 | ||
| LOK | |0 000 xxxxxcx a22 zn 4500 | ||
| LOK | |0 001 3620706204 | ||
| LOK | |0 003 DE-627 | ||
| LOK | |0 004 1621866416 | ||
| LOK | |0 005 20200623154155 | ||
| LOK | |0 008 200408||||||||||||||||ger||||||| | ||
| LOK | |0 040 |a DE-21-110 |c DE-627 |d DE-21-110 | ||
| LOK | |0 689 |a s |a Fußball | ||
| LOK | |0 689 |a s |a Rechtsprechung | ||
| LOK | |0 689 |a s |a Vorschriften | ||
| LOK | |0 689 |a s |a Verbandsgerichtsbarkeit | ||
| LOK | |0 689 |a s |a Verbandsstrafverfahren | ||
| LOK | |0 689 |a s |a Grundsätze | ||
| LOK | |0 689 |a s |a Zuständigkeiten | ||
| LOK | |0 689 |a s |a Formvorschriften | ||
| LOK | |0 689 |a s |a Formulierungsbeispiel | ||
| LOK | |0 852 |a DE-21-110 | ||
| LOK | |0 852 1 |c F IX 122 |m p |9 00 | ||
| LOK | |0 938 |a 2006 | ||
| LOK | |0 938 |k p | ||
| LOK | |0 939 |a 08-04-20 |b l01 | ||
| ORI | |a SA-MARC-krimdoka001.raw | ||
| SIG | |a IFK: F IX 122 | ||
